| 000 | 00374nam a2200145Ia 4500 | ||
|---|---|---|---|
| 008 | 220216s9999 xx 000 0 und d | ||
| 100 | _aAddae-Mensah A G | ||
| 245 | 0 | _aRubber wood resource in Ghana and the perspective of its development | |
| 260 |
_bWood News _c1991 |
||
| 300 | _a25-26 | ||
| 650 | _aGhana | ||
| 650 | _aRubber wood | ||
| 700 | _aEastin I | ||
| 942 | _cJS | ||
| 999 |
_c68148 _d68148 |
||